Normal view
MARC view
Entry Topical Term
001 - CONTROL NUMBER
- control field: 8742
003 - CONTROL NUMBER IDENTIFIER
- control field: BD-RjUL
005 - DATE AND TIME OF LATEST TRANSACTION
- control field: 20230903141621.0
008 - FIXED-LENGTH DATA ELEMENTS
- fixed length control field: 230903|| aca||aabn | a|a d
040 ## - CATALOGING SOURCE
- Original cataloging agency: BD-RjUL
- Transcribing agency: BD-RjUL
150 ## - HEADING--TOPICAL TERM
- Topical term or geographic name entry element: Bengali novel
- General subdivision: History and Criticism
670 ## - SOURCE DATA FOUND
- Source citation: Work cat.: (BD-RjUL)81834: শ’, রামেশ্বর 8741, আধুনিক বাংলা উপন্যাসের পটভূমি ও বিবিধ প্রসঙ্গ /, 2008